000 00618nam a2200241Ia 4500
003 OSt
005 20221007071543.0
006 a|||||r|||| 00| 0
007 ta
008 221006b |||||||| |||| 00| 0 eng d
024 _a17,400
037 _cTextual
040 _aFLL
_cFLL
_beng
041 _2eng
_aeng
082 _aXM55:Z3, L0
100 _aFarrar Harry Au.
_9688968
245 0 _aCompany law
250 _a10th
260 _aLondon
_bCassell and Company England
_c1970
300 _axxi,322p
_ccm.
942 _hXM55:Z3, L0
_cTEXL
_2CC
999 _c1143653
_d1143653